000 01008nas a2200313 4500
001 BR8303931
003 BR-BrBNA
005 20231205085629.0
007 ta
008 230509b bl.|||p| |||| 00| 00por d
040 _aBR-BrBNA
_bpor
_cBiblioteca Nacional de Agricultura
041 _a(Pt)
072 _aL72
100 1 _aZocoller, M.C.
100 1 _aMachado, R.Z.
100 1 _aHoner, M.R.
100 1 _aStarke, W.A.
245 1 _aInfeccao natural por helmintos gastrintestinais em bovinos durante os primeiros dois anos de vida, na regiao de Ilha Solteira, SP [verminose, Sao Paulo, Brasil]
_bParte de tese
650 _aBOVINO
650 _aINFECCAO
650 _aVERMINOSE
650 _aHELMINTO
650 _aINTESTINO
650 _aILHA SOLTEIRA
650 _aSAO PAULO
773 0 _tArquivo Brasileiro de Medicina Veterinaria e Zootecnia (Brazil)
_xISSN 0365-8384
_g(Dec 1983), v. 35(6) p. 823-835
_wBR8303931
909 _a202311
_bLúcia
_c55
_dLúcia Elande
942 _2AGRIS
_n0
_cANA
999 _c112656
_d112656